Classement FIFA: les 20 meilleures nations (17/10/2025) - Statistiques

Statistiques générales
  • Ce quiz a été pris 160 fois
  • Le résultat moyen est 18 sur 20
Statistiques - réponses
Classement Confédération Nation % Correct
2 CONMEBOL Argentine
100%
1 UEFA Espagne
100%
3 UEFA France
100%
7 CONMEBOL Brésil
99%
12 CAF Maroc
99%
10 UEFA Allemagne
98%
5 UEFA Portugal
98%
4 UEFA Angleterre
97%
8 UEFA Belgique
96%
9 UEFA Italie
95%
13 CONMEBOL Colombie
92%
6 UEFA Pays-Bas
92%
15 CONMEBOL Uruguay
92%
19 AFC Japon
91%
18 CAF Sénégal
90%
16 CONCACAF États-Unis
85%
11 UEFA Croatie
84%
14 CONCACAF Mexique
84%
17 UEFA Suisse
84%
20 UEFA Danemark
75%
Aucun quiz correspondant
Distribution des résultats
% des personnes avec chaque résultat
Percentile par nombre de réponses
Votre historique - résultats
Vous n’avez pas pris ce quiz